[Event "56th World U20 ch"]
[Site "Tarvisio ITA"]
[Date "2017.11.22"]
[Round "9.36"]
[White "Vrolijk, Liam"]
[Black "Timerkhanov, Alexander"]
[Result "1/2-1/2"]
[WhiteElo "2425"]
[BlackElo "2312"]
[EventDate "2017.11.13"]
[PlyCount "44"]

1.d4 d5 2.c4 e6 3.Nc3 Nf6 4.cxd5 exd5 5.Bg5 Be7 6.e3 O-O 7.Bd3 c6 8.Qc2 
Nbd7 9.Nge2 Re8 10.O-O Nf8 11.f3 h6 12.Bh4 Ne6 13.Rad1 b6 14.Bf2 Bb7 15.e4
dxe4 16.fxe4 Ng4 17.e5 Bg5 18.Kh1 Be3 19.Bg3 Bg5 20.Bf2 Be3 21.Be1 Bg5 22.
Bf2 Be3 $11 1/2-1/2

[Event "56th World U20 ch"]
[Site "Tarvisio ITA"]
[Date "2017.11.22"]
[Round "9.37"]
[White "Zarubitsky, Viachaslau"]
[Black "Nikolovski, Nikola"]
[Result "1-0"]
[WhiteElo "2344"]
[BlackElo "2412"]
[EventDate "2017.11.13"]
[PlyCount "109"]

1.e4 c5 2.Nf3 d6 3.d4 cxd4 4.Nxd4 Nf6 5.Nc3 g6 6.Be3 Bg7 7.f3 Nc6 8.Qd2 
O-O 9.O-O-O d5 10.exd5 Nxd5 11.Nxc6 bxc6 12.Bd4 Bxd4 13.Qxd4 Qb6 14.Na4 
Qa5 15.b3 Be6 16.Bc4 Rad8 17.Qc5 Qc7 18.Bxd5 Rxd5 19.Rxd5 Bxd5 20.Nc3 Rd8 
21.Rd1 e6 22.g3 Qe5 23.f4 Qf6 24.Kb2 Rd7 25.a4 g5 26.fxg5 Qxg5 27.a5 Qd8 
28.Qd4 Qe7 29.Re1 f6 30.Qg4+ Kf7 31.Qh3 Kg7 32.Nxd5 Rxd5 33.Qxe6 Qxe6 34.
Rxe6 Rxa5 35.Rxc6 Kg6 36.c4 Re5 37.Ra6 Re2+ 38.Kc3 Rxh2 39.c5 Rg2 40.c6 
Rxg3+ 41.Kd4 Rg1 42.Kd5 Rc1 43.Kd6 Rd1+ 44.Ke7 Re1+ 45.Kd7 Rd1+ 46.Kc8 Rb1
47.Ra3 h5 48.c7 h4 49.Kb8 Rc1 50.b4 f5 51.b5 Kg5 52.c8=Q Rxc8+ 53.Kxc8 Kg4
54.Rxa7 h3 55.b6 1-0

[Event "56th World U20 ch"]
[Site "Tarvisio ITA"]
[Date "2017.11.22"]
[Round "9.38"]
[White "Peng Xiongjian"]
[Black "Chen, Richard"]
[Result "1-0"]
[WhiteElo "2412"]
[BlackElo "2309"]
[EventDate "2017.11.13"]
[PlyCount "49"]

1.Nf3 d5 2.g3 g6 3.c4 dxc4 4.Na3 Bg7 5.Bg2 Nc6 6.Nxc4 e5 7.d3 Nge7 8.O-O 
O-O 9.Rb1 a5 10.b3 Nd5 11.Bb2 Re8 12.a3 Ra6 13.Qd2 Bg4 14.Rfc1 Qd7 15.Ba1 
Nd4 16.Ncxe5 Nxf3+ 17.Nxf3 Bxa1 18.Rxa1 a4 19.b4 Rae6 20.e3 Rf6 21.Ng5 h6 
22.h3 Be6 23.Ne4 Rf5 24.g4 Re5 25.f4 1-0

[Event "56th World U20 ch"]
[Site "Tarvisio ITA"]
[Date "2017.11.22"]
[Round "9.39"]
[White "Sadhwani, Raunak"]
[Black "Acosta, Pablo Ismael"]
[Result "1/2-1/2"]
[WhiteElo "2339"]
[BlackElo "2402"]
[EventDate "2017.11.13"]
[PlyCount "64"]

1.e4 c5 2.Nf3 Nc6 3.d4 cxd4 4.Nxd4 g6 5.c4 Bg7 6.Be3 Nf6 7.Nc3 O-O 8.Be2 
d6 9.O-O Bd7 10.Rc1 Nxd4 11.Bxd4 Bc6 12.f3 a5 13.b3 Nd7 14.Bxg7 Kxg7 15.
Qd4+ Kg8 16.Rfd1 Qb6 17.Qxb6 Nxb6 18.Kf2 f5 19.exf5 Rxf5 20.Bd3 Rh5 21.h3 
Nd7 22.Be4 Nc5 23.Bd5+ Kg7 24.Rc2 Re5 25.Re2 Rxe2+ 26.Kxe2 g5 27.Ke3 Ra6 
28.Ne4 Nxe4 29.Kxe4 Rb6 30.Kd4 a4 31.Rd3 axb3 32.axb3 Ra6 $11 1/2-1/2

[Event "56th World U20 ch"]
[Site "Tarvisio ITA"]
[Date "2017.11.22"]
[Round "9.40"]
[White "Brazdzionis, Andrius"]
[Black "Wang Tongsen"]
[Result "0-1"]
[WhiteElo "2322"]
[BlackElo "2396"]
[EventDate "2017.11.13"]
[PlyCount "70"]

1.e4 c5 2.Nf3 d6 3.d4 Nf6 4.Nc3 cxd4 5.Nxd4 a6 6.Bg5 e6 7.f4 h6 8.Bh4 Be7 
9.Qf3 Qc7 10.O-O-O Nbd7 11.g4 g5 12.fxg5 Ne5 13.Qg3 Nfxg4 14.gxh6 Bxh4 15.
Qxh4 Qe7 16.Qg3 Qf6 17.Kb1 Qf2 18.Rg1 Qxg3 19.Rxg3 Rxh6 20.h3 Nf6 21.Nf3 
Ke7 22.Nxe5 dxe5 23.Rg5 Rh5 24.Rxh5 Nxh5 25.Na4 Nf6 26.Nb6 Rb8 27.Nc4 b5 
28.Nxe5 Bb7 29.Bd3 Rh8 30.Rf1 Rh5 31.Ng4 Nxe4 32.Kc1 Rxh3 33.Ne5 f5 34.a4 
bxa4 35.Rg1 Nc5 0-1

[Event "56th World U20 ch"]
[Site "Tarvisio ITA"]
[Date "2017.11.22"]
[Round "9.41"]
[White "Mohammad, Nubairshah Shaikh"]
[Black "Milosevic, Milos"]
[Result "0-1"]
[WhiteElo "2394"]
[BlackElo "2249"]
[EventDate "2017.11.13"]
[PlyCount "82"]

1.Nf3 Nf6 2.g3 g6 3.b3 Bg7 4.Bb2 O-O 5.Bg2 c5 6.c4 Nc6 7.O-O d6 8.d4 cxd4 
9.Nxd4 Bd7 10.Qd2 a6 11.Rd1 Qb6 12.Na3 Rfc8 13.Rac1 Qc5 14.Nac2 Qh5 15.Ne3
Rab8 16.Bf3 Qh3 17.c5 Ne5 18.Bg2 Qh5 19.cxd6 exd6 20.Rxc8+ Rxc8 21.Bxb7 
Bh6 22.f4 Rb8 23.Bg2 Re8 24.Ndc2 Nfg4 25.h3 Nxe3 26.Nxe3 Bb5 27.fxe5 dxe5 
28.Qc3 Qxe2 29.Re1 Bxe3+ 30.Qxe3 Qxb2 31.Bd5 Qxa2 32.Qa7 Rf8 33.Qc7 Qd2 
34.Rxe5 Bd7 35.h4 Rc8 36.Qxc8+ Bxc8 37.Re8+ Kg7 38.Bc4 Qd1+ 39.Kf2 Bb7 40.
Re2 Qh1 41.Re3 Qh2+ {... 60 moves} 0-1

[Event "56th World U20 ch"]
[Site "Tarvisio ITA"]
[Date "2017.11.22"]
[Round "9.42"]
[White "Nowak, Lukasz"]
[Black "Percivaldi, Martin"]
[Result "0-1"]
[WhiteElo "2310"]
[BlackElo "2388"]
[EventDate "2017.11.13"]
[PlyCount "70"]

1.e4 e6 2.d4 d5 3.Nc3 Nf6 4.e5 Nfd7 5.f4 c5 6.Nf3 Nc6 7.Be3 a6 8.Qd2 b5 9.
dxc5 Bxc5 10.Bd3 Qb6 11.Bf2 h6 12.a3 O-O 13.O-O Ra7 14.Rae1 b4 15.axb4 
Qxb4 16.f5 exf5 17.Bxf5 Nb6 18.e6 Kh8 19.Qd3 Bxf2+ 20.Rxf2 Qc5 21.Nd1 Nc4 
22.Ng5 N6e5 23.Qh3 fxe6 24.Bxe6 Nxb2 25.Qc3 Nec4 26.Nf7+ Raxf7 27.Bxf7 
Nxd1 28.Rxd1 Rxf7 29.Rf1 Be6 30.Qe1 Rxf2 31.Rxf2 Bf5 32.Kh1 Be4 33.Qf1 Kh7
34.Rf8 Qe3 35.Rf7 Qg5 0-1

[Event "56th World U20 ch"]
[Site "Tarvisio ITA"]
[Date "2017.11.22"]
[Round "9.43"]
[White "Holtman, Teodor"]
[Black "Nikitenko, Mikhail"]
[Result "0-1"]
[WhiteElo "2296"]
[BlackElo "2376"]
[EventDate "2017.11.13"]
[PlyCount "77"]

1.e4 e5 2.Nf3 Nc6 3.Bc4 Bc5 4.O-O Nf6 5.d3 d6 6.Nbd2 a6 7.c3 Ba7 8.Bb3 O-O
9.Re1 Ne7 10.h3 Ng6 11.Nf1 h6 12.d4 c6 13.Ng3 Qc7 14.Nf5 d5 15.Nxe5 Nxe4 
16.Nxg6 fxg6 17.Nxh6+ Kh7 18.Ng4 Bb8 19.f4 Qd8 20.Rf1 Qh4 21.Bc2 Bf5 22.
Bxe4 Bxe4 23.Be3 Bd6 24.Qe1 Qe7 25.Qg3 Rf5 26.Ne5 Qe6 27.Qh2 Raf8 28.g4 
R5f6 29.Qg3 Kg8 30.Rf2 c5 31.Raf1 b6 32.Re1 cxd4 33.Bxd4 g5 34.f5 Qe7 35.
Rfe2 Re8 36.c4 Qc7 37.cxd5 Bxe5 38.Qc3 Qc5 39.Bxc5 {... 45 moves} 0-1

[Event "56th World U20 ch"]
[Site "Tarvisio ITA"]
[Date "2017.11.22"]
[Round "9.44"]
[White "Krishna Teja, N."]
[Black "Bayramov, Elkhan"]
[Result "1/2-1/2"]
[WhiteElo "2363"]
[BlackElo "2065"]
[EventDate "2017.11.13"]
[PlyCount "95"]

1.Nf3 f5 2.d3 Nf6 3.e4 d6 4.exf5 Bxf5 5.d4 Qd7 6.Bd3 Nc6 7.O-O e5 8.dxe5 
Nxe5 9.Bxf5 Qxf5 10.Nd4 Qd7 11.f4 Nc6 12.Re1+ Kf7 13.Ne6 Re8 14.Ng5+ Kg8 
15.Rxe8 Qxe8 16.Nc3 h6 17.Nge4 Nxe4 18.Qd5+ Kh7 19.Nxe4 Nb4 20.Qf5+ Qg6 
21.Qxg6+ Kxg6 22.Bd2 d5 23.Nf2 Na6 24.Re1 Bd6 25.Nd3 Nc5 26.Ne5+ Kf6 27.c4
Ne4 28.Ng4+ Kf7 29.Bc1 c6 30.g3 Re8 31.cxd5 cxd5 32.Be3 h5 33.Nf2 Bb4 34.
Re2 Nxg3 35.hxg3 d4 36.Nd3 Bd6 37.Kf2 dxe3+ 38.Rxe3 Rxe3 39.Kxe3 g5 40.Ke4
gxf4 $11 41.gxf4 Kf6 42.Nf2 Bc5 43.Nh3 Be7 44.Ng5 Kg6 45.Nf3 Kf6 46.Nh4 
Bd6 47.Nf5 Bc5 48.b3 1/2-1/2

[Event "56th World U20 ch"]
[Site "Tarvisio ITA"]
[Date "2017.11.22"]
[Round "9.45"]
[White "Micottis, Dorian"]
[Black "Tran Minh Thang"]
[Result "1/2-1/2"]
[WhiteElo "2273"]
[BlackElo "2361"]
[EventDate "2017.11.13"]
[PlyCount "108"]

1.Nf3 Nf6 2.g3 g6 3.Bg2 Bg7 4.O-O O-O 5.d4 d5 6.c3 c5 7.dxc5 Ne4 8.c4 dxc4
9.Qc2 Nxc5 10.Qxc4 Nba6 11.Nc3 e5 12.Bg5 Be6 13.Qxe6 Nxe6 14.Bxd8 Rfxd8 
15.Rfd1 Nac5 16.Nd2 f5 17.Bd5 Kf7 18.Nb3 Nxb3 19.axb3 Rd7 20.Na4 Rc8 21.
Bc4 Rxd1+ 22.Rxd1 Ke7 23.Nc3 Rd8 24.Rxd8 Nxd8 25.Kf1 Ne6 26.Bd5 b6 27.h4 
e4 28.f3 e3 29.Bc4 Bxc3 30.bxc3 f4 31.Kg2 Kf6 32.gxf4 Nxf4+ 33.Kg3 Ke5 34.
Kg4 a5 35.Kg5 h6+ 36.Kxh6 Kf6 37.Bb5 Nd5 38.Bd3 Nxc3 39.h5 gxh5 40.Kxh5 
Nd1 41.Bc2 Nf2 42.f4 b5 43.Kh4 a4 44.bxa4 bxa4 45.Bxa4 Kf5 46.Kg3 Ne4+ 47.
Kf3 Nd2+ 48.Kxe3 Nc4+ 49.Kf3 Nd2+ $11 50.Ke3 Nc4+ 51.Kd4 Nb6 52.Bc2+ Kxf4 
53.e3+ Kg5 54.Ke4 Nd7 1/2-1/2

[Event "56th World U20 ch"]
[Site "Tarvisio ITA"]
[Date "2017.11.22"]
[Round "9.46"]
[White "Taalaibekov, Tagir"]
[Black "Dimic, Pavle"]
[Result "1/2-1/2"]
[WhiteElo "2219"]
[BlackElo "2357"]
[EventDate "2017.11.13"]
[PlyCount "97"]

1.d4 Nf6 2.Bf4 d6 3.Nc3 Nbd7 4.Nf3 c5 5.e3 Nh5 6.Bg5 h6 7.Bh4 g5 8.Nd2 
Ndf6 9.Bg3 Nxg3 10.hxg3 cxd4 11.exd4 Bg7 12.Bd3 O-O 13.Qe2 Rb8 14.Nde4 
Nxe4 15.Nxe4 e6 16.O-O-O d5 17.Nd2 Bd7 18.f4 gxf4 19.gxf4 Qf6 20.Qe5 Qxe5 
21.fxe5 f5 22.exf6 Rxf6 23.Nf3 Rf4 24.Rde1 Rbf8 25.c3 Rg4 26.Re2 Rg3 27.
Kc2 Rf4 28.Kd2 Rfg4 29.Rh2 Be8 30.Bf5 exf5 31.Rxe8+ Kf7 32.Re2 Re4 33.Rf2 
Rgg4 34.Ne1 Kg6 35.Nd3 h5 36.Rh3 a5 37.Rhf3 Bh6+ 38.Kd1 Be3 39.Re2 f4 40.
Ne5+ Kg5 41.Nxg4 hxg4 42.Rf1 Kh4 43.Kc2 Kg3 44.Kd3 Re7 45.Rh1 Rg7 46.b3 
Bf2 47.Rf1 Be3 48.Rh1 Bf2 49.Rf1 1/2-1/2

[Event "56th World U20 ch"]
[Site "Tarvisio ITA"]
[Date "2017.11.22"]
[Round "9.47"]
[White "Urbanc, Peter"]
[Black "Pichot, Alan"]
[Result "0-1"]
[WhiteElo "2290"]
[BlackElo "2568"]
[EventDate "2017.11.13"]
[PlyCount "64"]

1.d4 Nf6 2.e3 d6 3.Be2 g6 4.Nf3 Bg7 5.O-O O-O 6.b3 Nfd7 7.Bb2 e5 8.Nbd2 
Nc6 9.Re1 Qe7 10.d5 Nd8 11.c4 f5 12.b4 g5 13.Nb3 Nf7 14.Qc2 Nf6 15.Rad1 g4
16.Nfd2 Ng5 17.Nf1 Qf7 18.c5 Qg6 19.cxd6 cxd6 20.Kh1 Nfe4 21.Bd3 Bd7 22.
Ng3 h5 23.Rc1 h4 24.Nxe4 fxe4 25.Bf1 Rf7 26.Re2 Raf8 27.Na5 g3 28.f4 exf4 
29.Bxg7 Qxg7 30.exf4 Rxf4 31.Ree1 Rf2 32.Qc7 Qf6 0-1

[Event "56th World U20 ch"]
[Site "Tarvisio ITA"]
[Date "2017.11.22"]
[Round "9.48"]
[White "Willathgamuwa, Kevin"]
[Black "Harutiunian, Tigran"]
[Result "0-1"]
[WhiteElo "1996"]
[BlackElo "2508"]
[EventDate "2017.11.13"]
[PlyCount "84"]

1.e4 e5 2.Nf3 Nc6 3.d4 exd4 4.Bc4 Nf6 5.e5 d5 6.Bb5 Ne4 7.Nxd4 Bd7 8.Bxc6 
bxc6 9.O-O Be7 10.f3 Nc5 11.f4 Ne4 12.f5 c5 13.Ne2 Bc6 14.Nd2 Nxd2 15.Bxd2
d4 16.Nf4 Bg5 17.Qg4 h5 18.Qe2 Bxf4 19.Bxf4 Qd5 20.Bg5 h4 21.e6 f6 22.Bf4 
Qxf5 23.Bxc7 Qe4 24.Qxe4 Bxe4 25.Rf2 Ke7 26.Re1 f5 27.b4 Rhc8 28.Be5 Kxe6 
29.Bf4 cxb4 30.Rb1 a5 31.a3 Rxc2 32.Rxc2 Bxc2 33.Re1+ Be4 34.axb4 axb4 35.
Bc1 Rc8 36.Bb2 d3 37.Rd1 Rc2 38.Bd4 Rxg2+ 39.Kf1 Rxh2 40.Ke1 g5 41.Rd2 
Rh1+ 42.Kf2 f4 0-1

[Event "56th World U20 ch"]
[Site "Tarvisio ITA"]
[Date "2017.11.22"]
[Round "9.49"]
[White "Tasdogen, Dincer"]
[Black "Lopez Gonzalez, Abel Fabian"]
[Result "1/2-1/2"]
[WhiteElo "2235"]
[BlackElo "2384"]
[EventDate "2017.11.13"]
[PlyCount "66"]

1.e4 e5 2.Nf3 Nc6 3.d4 exd4 4.Nxd4 Nf6 5.Nxc6 bxc6 6.e5 Qe7 7.Qe2 Nd5 8.c4
Nb6 9.Nc3 Ba6 10.b3 O-O-O 11.Bb2 Re8 12.f4 f6 13.Ne4 d5 14.Qg4+ Kb8 15.
cxd5 Qb4+ 16.Nd2 Bxf1 17.Rxf1 fxe5 18.O-O-O cxd5 19.Qh5 Bc5 20.a3 Qb5 21.
fxe5 Be3 22.Qf3 d4 23.Kb1 Rxe5 24.Ka2 Rhe8 25.Nb1 Rc5 26.a4 Qd7 27.Qf7 
Qxf7 28.Rxf7 Rc2 29.Rxg7 Nd5 30.Ka1 Nb4 31.Na3 Rf2 32.Nb5 d3 33.Nxc7 Rc8 {
... 38 moves} 1/2-1/2

[Event "56th World U20 ch"]
[Site "Tarvisio ITA"]
[Date "2017.11.22"]
[Round "9.50"]
[White "Haria, Ravi"]
[Black "Peng Hongchi"]
[Result "1-0"]
[WhiteElo "2364"]
[BlackElo "2223"]
[EventDate "2017.11.13"]
[PlyCount "54"]

1.Nf3 d5 2.g3 c5 3.Bg2 Nf6 4.O-O e6 5.c4 d4 6.e3 Nc6 7.exd4 cxd4 8.d3 Bd6 
9.Na3 O-O 10.Re1 Re8 11.Nc2 a5 12.a3 e5 13.Rb1 a4 14.Bd2 Bf5 15.Nb4 Qb6 
16.Bg5 Bxb4 17.axb4 Nd7 18.Nh4 Be6 19.b5 Na5 20.Bd2 Nb3 21.Bh1 f6 22.Qe2 
Nbc5 23.Rbd1 Rac8 24.f4 g6 25.f5 Bf7 26.Be4 g5 27.Nf3 Kg7 {... 49 moves} 
1-0

[Event "56th World U20 ch"]
[Site "Tarvisio ITA"]
[Date "2017.11.22"]
[Round "9.51"]
[White "Sukovic, Andrej"]
[Black "Nie Xinyang"]
[Result "0-1"]
[WhiteElo "2306"]
[BlackElo "2288"]
[EventDate "2017.11.13"]
[PlyCount "111"]

1.e4 d5 2.exd5 Qxd5 3.Nc3 Qa5 4.d4 c6 5.Bc4 Bf5 6.Nf3 e6 7.Bd2 Qc7 8.Qe2 
Nf6 9.O-O-O b5 10.Bd3 Bxd3 11.Qxd3 Nbd7 12.g3 Be7 13.Rhe1 Qb7 14.Ne5 Nxe5 
15.dxe5 Nd5 16.Ne4 Qa6 17.Kb1 c5 18.Bg5 Bxg5 19.Nxg5 h6 20.Nxe6 Qxe6 21.
Qxd5 O-O 22.f4 Qh3 23.e6 fxe6 24.Qxe6+ Qxe6 25.Rxe6 Rfe8 26.Rde1 Rxe6 27.
Rxe6 a5 28.Re5 Rc8 29.b3 Kf7 30.Kc1 Kf6 31.h4 g6 32.g4 b4 33.g5+ hxg5 34.
hxg5+ Kf7 35.Kd2 Rd8+ 36.Ke3 Rc8 37.Ke4 a4 38.bxa4 Ra8 39.Rxc5 Rxa4 40.Ke5
Rxa2 41.Rc7+ Kf8 42.Rc4 Ra5+ 43.Kd6 Rb5 44.Rc5 Rb8 45.Kc7 Ra8 46.Rc4 Ra3 
47.Kd6 b3 48.Rc8+ Kf7 49.Rc7+ Kf8 50.c4 Ra6+ 51.Kc5 Rb6 52.Kxb6 b2 53.c5 
b1=Q+ 54.Ka7 Ke8 55.c6 Qf5 56.Rb7 {...} 0-1

[Event "56th World U20 ch"]
[Site "Tarvisio ITA"]
[Date "2017.11.22"]
[Round "9.52"]
[White "Ioannidis, Evgenios"]
[Black "Miciano, John Marvin"]
[Result "1-0"]
[WhiteElo "2302"]
[BlackElo "2151"]
[EventDate "2017.11.13"]
[PlyCount "66"]

1.d4 Nf6 2.Nf3 g6 3.c4 Bg7 4.Nc3 O-O 5.e4 d6 6.h3 e5 7.d5 a5 8.Bg5 Qe8 9.
g4 Na6 10.Be2 Kh8 11.Be3 Ng8 12.g5 f5 13.h4 f4 14.Bd2 h5 15.Nb5 b6 16.a3 
Bd7 17.b4 Ne7 18.Bc3 Nc8 19.Nd2 Na7 20.Nxa7 Rxa7 21.f3 a4 22.Bd3 Qa8 23.
Nb1 Be8 24.O-O Rf7 25.Be1 Bf8 26.Bf2 Kh7 27.Nc3 Nb8 28.Qe2 Nd7 29.Rfc1 Be7
30.Be1 Nb8 31.Rab1 Bd7 32.Nd1 Na6 33.Nb2 Rf8 {... 56 moves} 1-0

[Event "56th World U20 ch"]
[Site "Tarvisio ITA"]
[Date "2017.11.22"]
[Round "9.53"]
[White "Doluweera, Minul Sanjula"]
[Black "Huber, Martin Christian"]
[Result "0-1"]
[WhiteElo "2154"]
[BlackElo "2396"]
[EventDate "2017.11.13"]
[PlyCount "120"]

1.d4 Nf6 2.c4 g6 3.Nc3 d5 4.Bg5 c5 5.Bxf6 exf6 6.cxd5 Qb6 7.dxc5 Bxc5 8.e3
Qxb2 9.Bb5+ Bd7 10.Bxd7+ Nxd7 11.Nge2 Bb4 12.Qc1 Qxc1+ 13.Rxc1 Ke7 14.Rb1 
Bxc3+ 15.Nxc3 Rhc8 16.Kd2 Nb6 17.Rhc1 f5 18.Rb5 Nc4+ 19.Kd3 Nd6 20.Rbb1 
Rc5 21.f3 Rac8 22.e4 fxe4+ 23.fxe4 Kf6 24.Ne2 Ke5 25.Rxc5 Rxc5 26.Nc3 b5 
27.a4 a6 28.axb5 axb5 29.g4 g5 30.Rb4 Rc4 31.Rxc4 bxc4+ 32.Ke3 f6 33.h3 h6
34.Ke2 Kd4 35.Kd2 Nf7 36.Kc2 Ke3 37.Nb5 Kxe4 38.d6 Ne5 39.Kc3 Kd5 40.Nd4 
Kxd6 41.Nf5+ Kd5 42.Nxh6 $11 Kc5 43.Nf5 Nf7 44.Ng7 Nd6 45.Ne6+ Kd5 46.Nc7+
Ke4 47.Ne6 Kd5 48.Nc7+ Ke5 49.Na6 Kf4 50.Nc7 Ke4 51.Ne6 Kf3 52.Nc7 Kg3 53.
Nd5 Kxh3 54.Nxf6 Kg3 55.Kd4 Kf4 56.Nd5+ Kxg4 57.Kc5 Kf3 58.Kxd6 g4 59.Ke5 
g3 60.Nf4 c3 0-1

[Event "56th World U20 ch"]
[Site "Tarvisio ITA"]
[Date "2017.11.22"]
[Round "9.54"]
[White "Lamard, Guillaume"]
[Black "Thilakarathne, G. M. H."]
[Result "1-0"]
[WhiteElo "2376"]
[BlackElo "2141"]
[EventDate "2017.11.13"]
[PlyCount "120"]

1.c4 e5 2.Nc3 Nf6 3.Nf3 Nc6 4.e3 d5 5.cxd5 Nxd5 6.Bb5 Nxc3 7.bxc3 Bd6 8.e4
O-O 9.O-O Bg4 10.h3 Bh5 11.g4 Bg6 12.d3 Na5 13.Nd2 a6 14.Ba4 c5 15.Bb3 
Nxb3 16.axb3 b5 17.Qe2 Qc7 18.Bb2 Rfe8 19.Ra2 Qb7 20.Rfa1 Bc7 21.c4 f6 22.
Nf1 Bf7 23.Ne3 Be6 24.Bc3 Red8 25.Nd5 Bxd5 26.cxd5 Rf8 27.Qf3 Bd6 28.Qf5 
Rfe8 29.Bd2 b4 30.Ra5 Re7 31.Be3 Qb6 32.Rxa6 Rxa6 33.Qc8+ Kf7 34.Rxa6 Qb8 
35.Qxb8 Bxb8 36.Bxc5 Rc7 37.Ra5 g6 38.Rb5 Ba7 39.Bxa7 Rxa7 40.Rxb4 Ra1+ 
41.Kg2 Rd1 42.Rb7+ Ke8 43.Rxh7 Rxd3 44.Rg7 Rxb3 45.Rxg6 Kf7 46.Rh6 Kg7 47.
Rh5 Rb4 48.f3 Rd4 49.Rf5 Rd2+ 50.Kg3 Rd1 51.g5 Rg1+ 52.Kf2 Rh1 53.gxf6+ 
Kf7 54.Rxe5 Rxh3 55.d6 Kxf6 56.Rd5 Rh2+ 57.Ke3 Rh8 58.d7 Rd8 59.Kd4 Ke6 
60.Kc5 Ke7 1-0

[Event "56th World U20 ch"]
[Site "Tarvisio ITA"]
[Date "2017.11.22"]
[Round "9.55"]
[White "Heinechen, Juan"]
[Black "Noboa Silva, Kevin"]
[Result "1/2-1/2"]
[WhiteElo "2101"]
[BlackElo "2356"]
[EventDate "2017.11.13"]
[PlyCount "93"]

1.e4 e6 2.d4 d5 3.Nd2 c5 4.exd5 exd5 5.Ngf3 Nc6 6.Bb5 Qe7+ 7.Qe2 Qxe2+ 8.
Bxe2 Bf5 9.c3 cxd4 10.Nxd4 Nxd4 11.cxd4 Bd6 12.O-O Ne7 13.Bb5+ Bd7 14.Bd3 
O-O 15.Nf3 Nc6 16.h3 Nb4 17.Bb1 Rac8 18.Bd2 Bb5 19.Rc1 Rxc1+ 20.Bxc1 Be2 
21.Ne1 Bc7 22.a3 Nc6 23.Ba2 Rd8 24.Be3 Bb6 25.Nc2 a5 26.Rc1 Kf8 27.f3 f6 
28.Kf2 Bd3 29.Ne1 Bg6 30.Rd1 Ne7 31.Nd3 Bf7 32.g4 g5 33.f4 h6 34.Kf3 Nc6 
35.Nc5 Bxc5 36.dxc5 d4 37.Bxf7 Kxf7 38.Bf2 gxf4 39.b4 axb4 40.axb4 d3 41.
b5 Ne5+ 42.Kxf4 Ke6 43.Ke4 Ra8 44.Bd4 Ra4 45.Ke3 Kd5 46.Bxe5 fxe5 47.c6 
1/2-1/2

[Event "56th World U20 ch"]
[Site "Tarvisio ITA"]
[Date "2017.11.22"]
[Round "9.56"]
[White "Kumar, Gaurav"]
[Black "De Vleeschauwer, Maarten"]
[Result "1-0"]
[WhiteElo "2297"]
[BlackElo "2139"]
[EventDate "2017.11.13"]
[PlyCount "79"]

1.e4 c5 2.Nf3 e6 3.d4 cxd4 4.Nxd4 Nc6 5.Nc3 Qc7 6.Be3 a6 7.Qd2 Nf6 8.O-O-O
Bb4 9.f3 d5 10.a3 Ba5 11.Nb3 dxe4 12.Nxa5 Qxa5 13.Nxe4 Qxd2+ 14.Nxd2 O-O 
15.Nc4 Nd5 16.Bc5 Rd8 17.Nb6 Nxb6 18.Rxd8+ Nxd8 19.Bxb6 Nc6 20.Bc4 e5 21.
Rd1 Kf8 22.b4 Ke7 23.Bc5+ Ke8 24.Re1 Be6 25.Bxe6 fxe6 26.Bd6 Rd8 27.Bxe5 
Nxe5 28.Rxe5 Ke7 29.Rc5 Rd7 30.a4 Kf6 31.a5 g6 32.c4 h5 33.Kc2 e5 34.b5 
axb5 35.cxb5 g5 36.a6 bxa6 37.bxa6 g4 38.fxg4 hxg4 39.Ra5 Ra7 40.Kd3 1-0

[Event "56th World U20 ch"]
[Site "Tarvisio ITA"]
[Date "2017.11.22"]
[Round "9.57"]
[White "Silva, David"]
[Black "Schweighoffer, Martin"]
[Result "0-1"]
[WhiteElo "2285"]
[BlackElo "2123"]
[EventDate "2017.11.13"]
[PlyCount "60"]

1.e4 e5 2.Nf3 Nc6 3.Bc4 Bc5 4.b4 Bxb4 5.c3 Be7 6.d4 Na5 7.Nxe5 Nxc4 8.Nxc4
d5 9.exd5 Qxd5 10.Ne3 Qa5 11.O-O Nf6 12.c4 O-O 13.Nd2 Rd8 14.Bb2 Bb4 15.
Nb3 Qg5 16.f4 Qh4 17.c5 Ng4 18.Nxg4 Bxg4 19.Qd3 Re8 20.d5 Re2 21.Bd4 Rae8 
22.Bf2 Qf6 23.Qg3 Qg6 24.Nd4 Rd2 25.Qb3 Bxc5 26.Qb5 c6 27.Qxc5 Bh3 28.Bg3 
Rxg2+ 29.Kh1 Ree2 30.Nxe2 Qe4 0-1

[Event "56th World U20 ch"]
[Site "Tarvisio ITA"]
[Date "2017.11.22"]
[Round "9.58"]
[White "Fuentes Parra, Victor Ignacio"]
[Black "Tahay, Alexis"]
[Result "0-1"]
[WhiteElo "2087"]
[BlackElo "2285"]
[EventDate "2017.11.13"]
[PlyCount "106"]

1.e4 c5 2.c3 Nf6 3.e5 Nd5 4.d4 cxd4 5.Nf3 Nc6 6.Bc4 Nb6 7.Bb3 d5 8.exd6 
Qxd6 9.Na3 a6 10.O-O e6 11.Qe2 Qc7 12.cxd4 Be7 13.Rd1 O-O 14.Ng5 h6 15.Nf3
Rd8 16.Be3 Nd5 17.Rac1 Bf6 18.Nc4 Qe7 19.Nce5 Bxe5 20.dxe5 Nxe3 21.Rxd8+ 
Nxd8 22.Qxe3 Nc6 23.Qb6 a5 24.a3 Ra6 25.Qb5 Qc7 26.Ba4 Bd7 27.Qc5 Qb6 28.
Qc3 Ra8 29.Rd1 Rd8 30.h3 Be8 31.Rd6 Qc7 32.Qd2 Rc8 33.b3 Rb8 34.Bxc6 Bxc6 
35.Nd4 Bd5 36.b4 axb4 37.axb4 Ra8 38.Nb5 Qc4 39.Nd4 Ra1+ 40.Kh2 Qf1 41.
Rd8+ Kh7 42.Rxd5 exd5 43.Nc2 Qd1 44.Qf4 Qxc2 45.Qxf7 Qe4 46.e6 Re1 47.e7 
Qxe7 48.Qf5+ g6 49.Qxg6+ Kxg6 50.Kg3 Qe5+ 51.f4 Re3+ 52.Kf2 Qxf4+ 53.Kg1 
Re1# 0-1

[Event "56th World U20 ch"]
[Site "Tarvisio ITA"]
[Date "2017.11.22"]
[Round "9.59"]
[White "Piyumantha, M. Sasith Nipun"]
[Black "Favaloro, Andrea"]
[Result "1/2-1/2"]
[WhiteElo "2032"]
[BlackElo "2260"]
[EventDate "2017.11.13"]
[PlyCount "44"]

1.d4 f5 2.c4 Nf6 3.Nc3 e6 4.Nf3 Bb4 5.Bd2 O-O 6.g3 b6 7.Bg2 Bb7 8.O-O Qe7 
9.a3 Bxc3 10.Bxc3 d6 11.Rc1 Nbd7 12.Qa4 Ne4 13.e3 Nxc3 14.Rxc3 Nf6 15.Rd1 
e5 16.Rcc1 c5 17.Nh4 Bxg2 18.Nxg2 Rad8 19.Rc2 Ne4 20.Qc6 Ng5 21.h4 Ne4 22.
Qd5+ Qf7 {... 40 moves} 1/2-1/2

[Event "56th World U20 ch"]
[Site "Tarvisio ITA"]
[Date "2017.11.22"]
[Round "9.60"]
[White "Cappelletto, Joshuaede"]
[Black "Tuomainen, Felix"]
[Result "0-1"]
[WhiteElo "1920"]
[BlackElo "2214"]
[EventDate "2017.11.13"]
[PlyCount "40"]

1.e4 e6 2.d4 d5 3.e5 c5 4.c3 Qb6 5.Nf3 Bd7 6.a3 a5 7.Be2 Bb5 8.c4 Bxc4 9.
Bxc4 dxc4 10.d5 Qb3 11.d6 Qxd1+ 12.Kxd1 f6 13.Nc3 Nc6 14.Nb5 Rd8 15.Bf4 
Nge7 16.Nc7+ Kf7 17.exf6 gxf6 18.Rc1 Ng6 19.Bg3 Bxd6 20.Ke1 Nce5 0-1

[Event "56th World U20 ch"]
[Site "Tarvisio ITA"]
[Date "2017.11.22"]
[Round "9.61"]
[White "Signorelli, Gaetano"]
[Black "Bezuidenhout, Roland"]
[Result "1-0"]
[WhiteElo "2193"]
[BlackElo "2118"]
[EventDate "2017.11.13"]
[PlyCount "71"]

1.e4 c5 2.Nf3 e6 3.d4 cxd4 4.Nxd4 Nc6 5.Nc3 a6 6.Be2 Qc7 7.Be3 Nf6 8.a3 b5
9.Nxc6 dxc6 10.O-O Bb7 11.f4 c5 12.e5 Nd5 13.Nxd5 Bxd5 14.Qe1 c4 15.Qf2 
Rc8 16.Rad1 Bc5 17.f5 Bxe3 18.Qxe3 Qc6 19.Qg5 Rg8 20.fxe6 Bxe6 21.Rd6 Qc7 
22.Rfd1 h6 23.Rxe6+ fxe6 24.Bh5+ g6 25.Bxg6+ Rxg6 26.Qxg6+ Qf7 27.Qxh6 
Qa7+ 28.Kh1 Qf7 29.h3 Ke7 30.Qh4+ Ke8 31.Rd6 a5 32.Kg1 Qa7+ 33.Kf1 Qf7+ 
34.Ke2 Qf5 35.Qh8+ Ke7 36.Qg7+ 1-0

[Event "56th World U20 ch"]
[Site "Tarvisio ITA"]
[Date "2017.11.22"]
[Round "9.62"]
[White "Pang Tao"]
[Black "Willathgamuwa, Rowan"]
[Result "1-0"]
[WhiteElo "2192"]
[BlackElo "1907"]
[EventDate "2017.11.13"]
[PlyCount "85"]

1.Nf3 d5 2.d4 Nf6 3.c4 c6 4.e3 g6 5.Nc3 Bg7 6.Qb3 O-O 7.Bd2 e6 8.Bd3 b6 9.
O-O Bb7 10.Rfe1 dxc4 11.Bxc4 c5 12.Qd1 cxd4 13.exd4 Nc6 14.Bf4 Na5 15.Bf1 
Nd5 16.Be5 Nxc3 17.bxc3 Rc8 18.Bxg7 Kxg7 19.Re3 Bd5 20.Ne5 f6 21.Nf3 Nc4 
22.Bxc4 Rxc4 23.Nd2 Rc6 24.Qa4 Qc7 25.Rc1 Rc8 26.Qa6 Kf7 27.h4 Bc4 28.Nxc4
Rxc4 29.Rce1 Rxc3 30.Rxe6 Rc1 31.d5 Qc3 32.Qxa7+ Rc7 33.Re7+ Rxe7 34.Qxe7+
Kg8 35.Rxc1 Qxc1+ 36.Kh2 Qf4+ 37.Kh3 Qxf2 38.Qe6+ Kg7 39.d6 g5 40.Qe7+ Kg6
41.Qe4+ Kf7 42.hxg5 fxg5 43.d7 1-0

[Event "56th World U20 ch"]
[Site "Tarvisio ITA"]
[Date "2017.11.22"]
[Round "9.63"]
[White "Chinguun, Bayaraa"]
[Black "Sezdbekov, Ruslan"]
[Result "1-0"]
[WhiteElo "1820"]
[BlackElo "2188"]
[EventDate "2017.11.13"]
[PlyCount "97"]

1.d4 Nf6 2.c4 e5 3.dxe5 Ne4 4.Nf3 d6 5.Nbd2 Bf5 6.Nxe4 Bxe4 7.exd6 Bxd6 8.
a3 O-O 9.e3 c5 10.Bd3 Re8 11.Bxe4 Rxe4 12.Qc2 Rg4 13.Kf1 Nc6 14.h3 Rg6 15.
Bd2 Qf6 16.Bc3 Qe6 17.b3 Re8 18.Re1 f5 19.Nh4 Rg5 20.f4 Rh5 21.Nf3 Bc7 22.
Kf2 h6 23.Qd1 Rd8 24.Qe2 Rf8 25.Rd1 Re8 26.Rhe1 Qf7 27.Qf1 Qe6 28.Qd3 Rd8 
29.Qe2 Re8 30.Nh2 Qf7 31.Qf3 g5 32.Kg1 Rh4 33.Qg3 Kh7 34.Rd3 Rd8 35.Rxd8 
Nxd8 36.Nf3 Rh5 37.Be5 Ba5 38.Rd1 Ne6 39.Bd6 Bc3 40.Be5 Ba5 41.Rd5 Bd8 42.
Kf1 g4 43.hxg4 Qg6 44.Rd7+ Kg8 45.Kg1 Kf8 46.Nh2 Rh4 47.Rxd8+ Nxd8 48.Qxh4
Nf7 49.Qf6 1-0